000 00819nas a2200265 4500
001 BR2011000364
003 BR-BrBNA
005 20231205114842.0
007 ta
008 230509b bl.|||p| |||| 00| 00por d
040 _aBR-BrBNA
_bpor
_cBiblioteca Nacional de Agricultura
041 _a(En)
072 _aQ80
100 1 _aYamashita, F.
100 1 _aBenassi, M. de T.
100 1 _aKieckbusch, T.G.
245 1 _aEffect of modified atmosphere packaging on the kinetics of vitamin C degradation in mangos
650 _aMANGA
650 _aACONDICIONAMENTO
650 _aVITAMINA C
650 _aDETERIORAÇÃO
773 0 _tBrazilian Journal of Food Technology (Brazil)
_xISSN 1519-0900
_g(1999), v. 2(1-2) p. 127-130
_wBR2011000364
909 _a202311
_bLúcia
_c55
_dLúcia Elande
942 _2AGRIS
_n0
_cANA
999 _c210831
_d210831